000 00822nam a2200289 a 4500
001 41563
003 AR-BaAGN
005 20231222155310.0
007 ta
008 220625s1972 ag |||||r|||| ||||||spa d
040 _dAR-BaAGN
_aAR-BaAGN
_bspa
_eaacr
100 1 _aHalperín Donghi, Tulio,
_d1926-2014
_95313
245 1 0 _aArgentina :
_bde la revolución de independencia a la confederación rosista
250 _a1ª ed.
260 _aBuenos Aires :
_bPaidós,
_c1972.
300 _a430 páginas :
_bilustraciones
336 _2rdacontent
_btxt
337 _2rdamedia
_bn
338 _2rdacarrier
_bnc
490 0 _aHistoria argentina ;
_v3
650 4 _aCONFEDERACIÓN ARGENTINA
_9935
650 4 _aINDEPENDENCIA
_91525
942 _cLIBRO
_kAGN
_n0
999 _c41563
_d41563